Classical dynamics

Gardado en:
Detalles Bibliográficos
Autor Principal: Greenwood, Donald T (Author)
Formato: Libro
Idioma:inglés
Publicado: Nueva York Dover 1997
Subjects:
Tags: Engadir etiqueta
Sen Etiquetas, Sexa o primeiro en etiquetar este rexistro!

MARC

LEADER 00000nam a2200000 a 4500
001 UCL9118
003 CL-VaPUC
008 040723e19970000us |||||||||||||||||eng|d
020 |a 0486696901 
082 0 4 |a 531.11  |b GRE  |2 21 
100 |a Greenwood, Donald T  |e author  |9 537778 
245 1 0 |a Classical dynamics 
300 |a 337 p 
942 |c BK 
945 |d 20040723 00:00:00  |a cmena 
260 |a Nueva York  |b Dover  |c 1997 
500 |a Proyecto MECESUP 
650 7 |a FISICA DINAMICA  |2 CL-VaPUC  |9 486171 
650 0 |a Física matemática   |9 260981 
650 7 |a TEORIA CINETICA  |2 CL-VaPUC  |9 355304 
583 |a last modification  |c 20150504 04:58:07  |k Rodrigo Vera 
999 |c 310081  |d 310079 
952 |0 0  |1 0  |4 0  |6 531_110000000000000_GRE_1997  |7 0  |8 A  |9 378146  |a BIBCUR  |b BIBCUR  |d 2019-11-21  |i 4040295  |o 531.11 GRE 1997  |p 4040295  |r 2025-04-22  |w 2019-11-21  |y BK  |k FIS